| 000 | 00544nam a22001097a 4500 | ||
|---|---|---|---|
| 008 | 150824b xxu||||| |||| 00| 0 eng d | ||
| 100 | _aErler, Martin | ||
| 245 | _aKatalog der Fiskalmarken von Preussen | ||
| 260 |
_aIcking, Germany _bORA Verlag _c1975 |
||
| 500 | _3Text in German: Catalogue of the fiscal stamps of Prussia. | ||
| 650 | _aGermany | Prussia (1850-1868) | Prussia | North German Confederation (1868-1871) | German States | Revenues 19th Century | 20th Century | Overprints and Surcharges | Cinderella Material | Catalogs and Price Lists | ||
| 999 |
_c1701 _d1701 |
||